Recursos humanos champions (Registro nro. 784)

Detalles MARC
000 -LEADER
fixed length control field 01153 a2200229 4500
001 - CONTROL NUMBER
control field 21209
005 - DATE AND TIME OF LATEST TRANSACTION
control field 20260407155503.0
008 - FIXED-LENGTH DATA ELEMENTS--GENERAL INFORMATION
fixed length control field 260407a1998 arg spa d
003 - CONTROL NUMBER IDENTIFIER
control field AR-UNSa-BCEJYS
040 ## - CATALOGING SOURCE
Original cataloging agency AR-UNSa-BCEJYS
Language of cataloging spa
Transcribing agency AR-UNSa-BCEJYS
080 ## - UNIVERSAL DECIMAL CLASSIFICATION NUMBER
Universal Decimal Classification number 658.3
Common auxiliary subdivision Personal. Relaciones humanas en la empresa (Recursos Humanos)
020 ## - INTERNATIONAL STANDARD BOOK NUMBER
International Standard Book Number 978-950-641-244-9
041 ## - LANGUAGE CODE
Language code of text/sound track or separate title spa
100 1# - MAIN ENTRY--PERSONAL NAME
Personal name Ulrich, Dave
245 10 - TITLE STATEMENT
Title Recursos humanos champions
Name of part/section of a work ¿cómo pueden los recursos humanos crear valor y producir resultados?
264 #1 - PRODUCTION, PUBLICATION, DISTRIBUTION, MANUFACTURE, AND COPYRIGHT NOTICE
Place of production, publication, distribution, manufacture Buenos Aires :
Name of producer, publisher, distributor, manufacturer Granica
Date of production, publication, distribution, manufacture, or copyright notice 1998
300 ## - PHYSICAL DESCRIPTION
Extent 439 p.
Dimensions 22 cm.
505 ## - FORMATTED CONTENTS NOTE
Formatted contents note 1. La futura agenda para la competitividad - 2. La naturaleza cambiante de los recursos humanos: un modelo para múltiples roles - 3. Convertirse en un socio estratégico - 4. Convertirse en un experto en administración - 5. Convertirse en un adalid de los empleados - 6. Convertirse en un agente del cambio - 7. RR.HH. para RR.HH. - 8. Y ahora ¿qué?
590 ## - LOCAL NOTE (RLIN)
Local note niveau_biblio:m niveau_hierar:0
856 41 - ELECTRONIC LOCATION AND ACCESS
Uniform Resource Identifier <a href="https://biblioeco.unsa.edu.ar/pmb/images/libros/Recursos Humanos Champions.jpg">https://biblioeco.unsa.edu.ar/pmb/images/libros/Recursos Humanos Champions.jpg</a>
Link text Imagen de portada
Electronic format type image/jpeg
942 ## - ADDED ENTRY ELEMENTS (KOHA)
Koha item type
Existencias
Withdrawn status Lost status Damaged status Not for loan Home library Current library Shelving location Date acquired Total checkouts Full call number Barcode Date last seen Price effective from Koha item type
        Biblioteca Prof. Eusebio Cleto del Rey Biblioteca Prof. Eusebio Cleto del Rey   07/04/2026   658.3 U45 L119231 07/04/2026 07/04/2026 Libro
        Biblioteca Prof. Eusebio Cleto del Rey Biblioteca Prof. Eusebio Cleto del Rey   07/04/2026   658.3 U45 L119232 07/04/2026 07/04/2026 Libro
        Biblioteca Prof. Eusebio Cleto del Rey Biblioteca Prof. Eusebio Cleto del Rey   07/04/2026   658.3 U45 L119233 07/04/2026 07/04/2026 Libro
        Biblioteca Prof. Eusebio Cleto del Rey Biblioteca Prof. Eusebio Cleto del Rey   07/04/2026   658.3 U45 L119234 07/04/2026 07/04/2026 Libro
        Biblioteca Prof. Eusebio Cleto del Rey Biblioteca Prof. Eusebio Cleto del Rey   07/04/2026   658.3 U45 L119235 07/04/2026 07/04/2026 Libro